=LDR 00000nam 2200000 4500 =001 INLIS000000000019089 =005 20201006092315 =035 ##$$a 0010-061300000019089 =008 201006################g##########0#ind## =041 ##$$a Ind =082 ##$$a 310 =090 ##$$a 310, Suj s =100 ##$$a Sujana =245 1#$$a Statistik untuk ekonomi dan niaga jilid II /$c Prof. Dr. Sudjana, M.A., MSc. =260 ##$$a Bandung :$b Tarsito,$c 1997 =300 ##$$a vii, 335 hlm : $b ilus ; $c 20 x 14 cm. =650 #4$$a Statistik =850 ##$$a NBPNMAT =084 ##$$a 310 SUJ s =250 ##$$a Ed.3, cet. 3 =990 ##$$a 00044398 =990 ##$$a 92610/BPAP-NTB/2014 =990 ##$$a 92611/BPAP-NTB/2014 =990 ##$$a 20400271 =990 ##$$a 00044398 =990 ##$$a 92611/BPAP-NTB/2014 =990 ##$$a 20700134 =990 ##$$a 00044398 =990 ##$$a 20400271